[Event "AUTO-MASTER-781"]
[Site "http://www.queenalice.com/game.php?id=634396"]
[Date "2009.8.11"]
[Round "2"]
[White "nikitheone"]
[Black "astrologo"]
[Result "0-1"]
[WhiteElo "2197"]
[BlackElo "2027"]

1. e4 Nf6 2. e5 Nd5 3. d4 d6 4. Nf3 g6 5. Bc4 Nb6 6. Bb3 Bg7 7. Ng5 d5 8. O-O h6
9. Nf3 Nc6 10. c3 Bf5 11. Nh4 e6 12. Nxf5 gxf5 13. Qh5 Qe7 14. a4 Na5 15. Bc2
O-O-O 16. b4 Nac4 17. a5 Nd7 18. Na3 Nxa3 19. Bxa3 Qe8 20. a6 b5 21. Bd3 c6 22.
Bc1 f6 23. exf6 Qxh5 0-1

[Event "AUTO-MASTER-781"]
[Site "http://www.queenalice.com/game.php?id=634397"]
[Date "2009.8.11"]
[Round "2"]
[White "astrologo"]
[Black "nikitheone"]
[Result "0-1"]
[WhiteElo "2010"]
[BlackElo "2164"]

1. c4 c6 2. Nc3 d5 3. cxd5 cxd5 4. d4 Nc6 5. Bf4 Nf6 6. Nf3 Bf5 7. e3 a6 8. Bd3
Bxd3 9. Qxd3 e6 10. O-O Be7 11. Rac1 O-O 12. a3 Rc8 13. h3 b5 14. Rfd1 Na5 15.
b4 Nc4 16. Qb1 Nxa3 17. Qb3 Nc4 18. Ra1 Qb6 19. Ne5 Qb7 20. Ra2 Nxe5 21. Bxe5
Rc4 22. Bxf6 gxf6 23. Ne2 Rxb4 24. Qd3 Rc8 25. Rda1 Rc6 26. f4 f5 27. Ng3 Rbc4
28. Nxf5 exf5 29. Qxf5 Re6 30. Qg4+ Rg6 31. Qf5 b4 32. Ra5 b3 33. Qxd5 Qxd5 34.
Rxd5 b2 35. Rb1 Rc1+ 0-1

[Event "AUTO-MASTER-791"]
[Site "http://www.queenalice.com/game.php?id=654905"]
[Date "2009.9.19"]
[Round "2"]
[White "nikitheone"]
[Black "killtochess"]
[Result "1-0"]
[WhiteElo "2150"]
[BlackElo "2202"]

1. e4 c5 2. Nf3 d6 3. d4 cxd4 4. Nxd4 Nf6 5. Nc3 a6 6. Bg5 e6 7. f4 Nbd7 8. Qf3
Qc7 9. O-O-O b5 10. Bd3 Bb7 11. Rhe1 Be7 12. Qg3 Nb6 13. e5 Nfd5 14. Bxe7 Qxe7
15. Qxg7 O-O-O 16. exd6 Qxd6 17. Nxd5 Nxd5 18. g3 Qb4 19. Nb3 Rhf8 20. Bxh7 Kb8
21. Be4 Rc8 22. Kb1 Qc4 23. Na5 Qb4 24. Qe5+ Ka8 25. Nxb7 Kxb7 26. Bxd5+ exd5
27. Qxd5+ Kb8 28. Qe5+ Rc7 29. Re4 Qa5 30. c4 bxc4 31. Qxa5 1-0

[Event "AUTO-MASTER-791"]
[Site "http://www.queenalice.com/game.php?id=654906"]
[Date "2009.9.19"]
[Round "2"]
[White "killtochess"]
[Black "nikitheone"]
[Result "1-0"]
[WhiteElo "2149"]
[BlackElo "2164"]

1. e4 c5 2. Nc3 d6 3. Bb5+ Nd7 4. f4 a6 5. Bxd7+ Bxd7 6. Nf3 e6 7. O-O Nf6 8. d3
Be7 9. h3 b5 10. Qe1 b4 11. Ne2 O-O 12. g4 Bc6 13. f5 h6 14. Nf4 e5 15. Nh5 Kh8
16. Qg3 Nxh5 17. gxh5 Bf6 18. Nh2 d5 19. Ng4 dxe4 20. Be3 exd3 21. c4 bxc3 22.
bxc3 Qd5 23. Kh2 Bh4 24. Qg1 f6 25. Nf2 c4 26. Qg4 Rab8 27. Rg1 Rf7 28. Qxh4 Rb2
29. Qg3 Rfb7 30. Raf1 Be8 31. Rg2 Bc6 32. Rgg1 Rxa2 33. Bxh6 Qf7 34. Be3 Qxh5
35. Rb1 Rxb1 36. Qxg7# 1-0

[Event "AUTO-MASTER-791"]
[Site "http://www.queenalice.com/game.php?id=654907"]
[Date "2009.9.19"]
[Round "2"]
[White "nikitheone"]
[Black "TomRipley"]
[Result "0-1"]
[WhiteElo "2180"]
[BlackElo "2091"]

1. e4 c5 2. Nf3 Nf6 3. e5 Nd5 4. d4 d6 5. dxc5 dxc5 6. c4 Nb6 7. Qxd8+ Kxd8 8.
Be3 e6 9. Nc3 N8d7 10. O-O-O Be7 11. Be2 f6 12. Ne4 Kc7 13. Nd6 Nxe5 14. Nxe5
fxe5 15. Nf7 Rf8 16. Nxe5 Bd6 17. Nf3 Bf4 18. Bxf4+ Rxf4 19. b3 e5 0-1

[Event "AUTO-MASTER-791"]
[Site "http://www.queenalice.com/game.php?id=654908"]
[Date "2009.9.19"]
[Round "2"]
[White "TomRipley"]
[Black "nikitheone"]
[Result "1-0"]
[WhiteElo "2108"]
[BlackElo "2165"]

1. d4 d5 2. c4 c6 3. Nc3 Nf6 4. e3 a6 5. Nf3 b5 6. cxd5 cxd5 7. Bd3 Bg4 8. O-O
e6 9. h3 Bh5 10. Re1 Nc6 11. e4 dxe4 12. Bxe4 Nxe4 13. Rxe4 Be7 14. a3 O-O 15.
Qd3 Bg6 16. Bf4 Bf6 17. Rd1 Rc8 18. Qe3 1-0

[Event "AUTO-ADV-1270"]
[Site "http://www.queenalice.com/game.php?id=688859"]
[Date "2009.11.25"]
[Round "2"]
[White "nikitheone"]
[Black "frank_lasker"]
[Result "1-0"]
[WhiteElo "2165"]
[BlackElo "1862"]

1. e4 e5 2. Nf3 Nf6 3. Nxe5 Qe7 4. Nf3 Nxe4 5. Be2 Ng5 6. O-O Qf6 7. Nxg5 Qxg5
8. d4 Qg6 9. Bf3 Be7 10. Re1 d6 11. Nc3 Bf5 12. Bxb7 Bxc2 13. Qe2 O-O 14. Qxe7
Nc6 15. Bxc6 Rac8 16. Be4 Bxe4 17. Qxe4 Qf6 18. Nd5 Qd8 19. Ne7+ 1-0

[Event "AUTO-ADV-1270"]
[Site "http://www.queenalice.com/game.php?id=688860"]
[Date "2009.11.25"]
[Round "2"]
[White "frank_lasker"]
[Black "nikitheone"]
[Result "1-0"]
[WhiteElo "1858"]
[BlackElo "2159"]

1. f4 Nf6 2. e3 d5 3. b3 Bg4 4. Nf3 e6 5. Bb2 Nbd7 6. Bd3 Bd6 7. O-O c5 8. Nc3
a6 9. Ne2 Rc8 10. Ng3 b5 11. h3 Bxf3 12. Qxf3 c4 13. bxc4 bxc4 14. Be2 Nc5 15.
Nh5 Nxh5 16. Qxh5 O-O 17. f5 e5 18. f6 g6 19. Qh6 Ne6 20. Bg4 Qd7 21. Rf3 Rfe8
22. Bxe6 1-0

[Event "AUTO-ADV-1270"]
[Site "http://www.queenalice.com/game.php?id=688863"]
[Date "2009.11.25"]
[Round "2"]
[White "nikitheone"]
[Black "THECRAZY"]
[Result "1-0"]
[WhiteElo "2134"]
[BlackElo "1651"]

1. e4 c5 2. Nf3 Nc6 3. d4 cxd4 4. Nxd4 e5 5. Nb5 a6 6. Nd6+ Bxd6 7. Qxd6 Qa5+ 8.
Nc3 Nd4 9. Bd3 f6 10. Bd2 b6 11. Nd5 Qc5 12. Qxc5 bxc5 13. Nc7+ Kd8 14. Nxa8 Bb7
15. Nb6 Ne7 16. c3 Ndc6 17. Nd5 Na5 18. Nxe7 Kxe7 19. f3 Rd8 20. c4 Nc6 21. Bc3
g5 22. h4 h6 23. hxg5 hxg5 24. Rh7+ Kd6 25. O-O-O Ne7 26. Bc2+ Kc7 27. Ba5+ 1-0

[Event "AUTO-ADV-1270"]
[Site "http://www.queenalice.com/game.php?id=688864"]
[Date "2009.11.25"]
[Round "2"]
[White "THECRAZY"]
[Black "nikitheone"]
[Result "1-0"]
[WhiteElo "1692"]
[BlackElo "2074"]

1. d4 d5 2. c4 c6 3. Nc3 Nf6 4. Bg5 e6 5. Nf3 Bb4 6. a3 Bxc3+ 7. bxc3 Qa5 8. Bd2
Ne4 9. Qc2 Nd7 10. cxd5 exd5 11. c4 Nxd2 12. Nxd2 Nf6 13. g3 dxc4 14. e3 b5 15.
Bg2 Bd7 16. O-O Rc8 17. Ne4 Nxe4 18. Qxe4+ Be6 19. Bh3 O-O 20. Bxe6 fxe6 21.
Qxe6+ Kh8 22. h4 Rfe8 23. Qd6 Qc7 24. Qb4 a5 25. Qc3 Qb6 26. f4 Re4 27. f5 Qc7
28. Rf4 Rxf4 29. exf4 Qd7 30. g4 Rd8 31. Rd1 Qe7 32. g5 Qe2 33. Re1 Qg4+ 34. Kf2
Qxf4+ 35. Kg2 Qxh4 36. Qe3 Qg4+ 37. Kh1 Qxf5 38. Qe8+ Qf8 39. Qxc6 Rc8 40. Qe4
b4 41. axb4 axb4 42. g6 1-0

[Event "AUTO-MASTER-1039"]
[Site "http://www.queenalice.com/game.php?id=728935"]
[Date "2010.2.9"]
[Round "1"]
[White "nikitheone"]
[Black "Champignac"]
[Result "1-0"]
[WhiteElo "2120"]
[BlackElo "1926"]

1. e4 c5 2. Nf3 Nc6 3. d4 cxd4 4. Nxd4 Ne5 5. f4 Ng6 6. Nf3 e6 7. Nc3 Bb4 8. Bd3
Nh6 9. O-O O-O 10. f5 exf5 11. Bxh6 gxh6 12. exf5 Ne7 13. Ne5 f6 14. Bc4+ Kh8
15. Nf7+ Rxf7 16. Bxf7 Qf8 17. Bb3 b6 18. Nd5 Nxd5 19. Bxd5 Rb8 20. Kh1 Bd6 21.
c4 Qg7 22. Qh5 Bb7 23. Rad1 Bxd5 24. Rxd5 Bc5 25. Rf3 Qe7 26. Rf1 Rg8 27. Qd1
Qe4 28. Qf3 Qxc4 29. Rxd7 Be3 30. Re1 Re8 31. Qe2 Qxe2 32. Rxe2 Rc8 33. g3 Bc5
34. Rxa7 Bd4 35. Ree7 Bxb2 36. Rxh7+ Kg8 37. Rag7+ Kf8 38. Rb7 Bc1 39. Rh8# 1-0

[Event "AUTO-MASTER-1039"]
[Site "http://www.queenalice.com/game.php?id=728936"]
[Date "2010.2.9"]
[Round "1"]
[White "Champignac"]
[Black "nikitheone"]
[Result "0-1"]
[WhiteElo "1920"]
[BlackElo "2127"]

1. e4 c5 2. f4 d6 3. Nc3 Nf6 4. Nf3 Nc6 5. Be2 Bg4 6. O-O e6 7. f5 exf5 8. exf5
Bxf5 9. d3 Be7 10. Nh4 Be6 11. Bg5 O-O 12. Nf3 d5 13. Nh4 h6 14. Bd2 Nd4 15. Qc1
Nh7 16. Nf3 Nxe2+ 17. Nxe2 b5 18. c3 a5 19. d4 cxd4 20. Nexd4 Rc8 21. Nxb5 Nf6
22. Nbd4 Ne4 23. Be3 Bf6 24. Nxe6 fxe6 25. Nd4 Qb6 26. Nf5 Qa6 27. Nxh6+ gxh6
28. Qd1 Bg7 29. Qg4 Rxf1+ 30. Rxf1 Rf8 31. Re1 Kh7 32. h4 Qc8 33. h5 Qe8 34. Rc1
Rf5 35. Rf1 Qxh5 36. Qxh5 Rxh5 37. Rf7 Nd6 38. Rd7 Nc4 39. Bc5 Nxb2 40. Bf8 Rg5
41. Re7 Nd3 42. Bxg7 Rxg7 43. Rxe6 Rxg2+ 44. Kh1 Rxa2 45. Rd6 Nf4 46. Rc6 a4 0-1

[Event "AUTO-MASTER-1039"]
[Site "http://www.queenalice.com/game.php?id=728937"]
[Date "2010.2.9"]
[Round "1"]
[White "nikitheone"]
[Black "Patibong"]
[Result "0-1"]
[WhiteElo "2133"]
[BlackElo "2181"]

1. e4 c5 2. Nf3 Nc6 3. d4 cxd4 4. Nxd4 Nf6 5. Nc3 e6 6. Ndb5 a6 7. Nd6+ Bxd6 8.
Qxd6 Qa5 9. Bd2 Qe5 10. Qxe5 Nxe5 11. f4 Nc6 12. e5 Ng4 13. h3 Nh6 14. Ne4 O-O
15. O-O-O Nf5 16. g4 Nfd4 17. Be3 Nb5 18. a4 Nc7 19. Bc5 Re8 20. Nd6 Rf8 21. Bg2
b5 22. Nxc8 Rfxc8 23. Rxd7 Nd5 24. Bxd5 exd5 25. Rxd5 bxa4 26. Rhd1 h6 27. h4
Rab8 28. c3 Kh7 29. h5 Na5 30. Bb4 Rxb4 31. Rxa5 Rxf4 32. Rxa6 Rxg4 33. Rd7 Rf4
34. Raa7 Re8 35. Rxf7 Rxf7 36. Rxf7 Rxe5 37. Ra7 Re4 38. Kd2 Rh4 39. Kd3 Rh2 40.
Rxa4 Rxb2 41. Ra5 Rb7 42. c4 g5 43. hxg6+ Kxg6 44. c5 h5 45. Kc4 h4 46. c6 Rc7
47. Kd5 h3 48. Kd6 h2 49. Ra1 Rh7 50. Rh1 Kg5 0-1

[Event "AUTO-MASTER-1039"]
[Site "http://www.queenalice.com/game.php?id=728938"]
[Date "2010.2.9"]
[Round "1"]
[White "Patibong"]
[Black "nikitheone"]
[Result "1-0"]
[WhiteElo "2126"]
[BlackElo "2141"]

1. e4 c5 2. Nf3 d6 3. Bc4 Nf6 4. Nc3 e6 5. O-O Nc6 6. d4 cxd4 7. Nxd4 Be7 8.
Nxc6 bxc6 9. h3 e5 10. Bg5 Rb8 11. Bb3 a5 12. a4 O-O 13. Be3 Be6 14. Bxe6 fxe6
15. b3 d5 16. Bg5 Qe8 17. f4 exf4 18. Bxf4 e5 19. Bxe5 Bc5+ 20. Bd4 Bxd4+ 21.
Qxd4 Rb4 22. Qc5 d4 23. Qxa5 Rb8 24. e5 Nd7 25. Ne2 c5 26. Qc7 Qxe5 27. Qxd7
Qe3+ 28. Kh1 Qxe2 29. Rxf8+ Rxf8 30. Qd5+ Kh8 31. Qxc5 Rf1+ 32. Kh2 1-0

[Event "AUTO-MASTER-1039"]
[Site "http://www.queenalice.com/game.php?id=728939"]
[Date "2010.2.9"]
[Round "1"]
[White "nikitheone"]
[Black "Diego_Silveira"]
[Result "1-0"]
[WhiteElo "2135"]
[BlackElo "1923"]

1. e4 c6 2. d4 d5 3. e5 Bf5 4. Be3 e6 5. Nd2 Nd7 6. Nb3 Qb6 7. a4 a5 8. f4 c5 9.
dxc5 Nxc5 10. Bb5+ Kd8 11. Nf3 Rc8 12. O-O Nh6 13. h3 f6 14. Nbd4 Ke7 15. Re1
Be4 16. exf6+ gxf6 17. c3 Kf7 18. b4 axb4 19. cxb4 Na6 20. f5 e5 21. Ne6 Qd6 22.
Nfg5+ Ke7 23. Qh5 Bxf5 24. Nxf8 Rhxf8 25. Qxh6 fxg5 26. Bxg5+ Rf6 27. Qg7+ 1-0

[Event "AUTO-MASTER-1039"]
[Site "http://www.queenalice.com/game.php?id=728940"]
[Date "2010.2.9"]
[Round "1"]
[White "Diego_Silveira"]
[Black "nikitheone"]
[Result "1-0"]
[WhiteElo "1900"]
[BlackElo "2117"]

1. d4 d5 2. c4 c6 3. Nf3 Nf6 4. Nc3 dxc4 5. e4 b5 6. e5 Nd5 7. Ne4 Bg4 8. Be2 e6
9. O-O h6 10. Bd2 Nd7 11. b3 cxb3 12. axb3 a6 13. Qc2 Qb6 14. Ba5 Qb7 15. Rfc1
Rc8 16. Nc5 Bxc5 17. dxc5 Bxf3 18. Bxf3 Nxe5 19. Be4 Nf6 20. Rd1 O-O 21. Rd2 Nd5
22. Rad1 f5 23. Bxd5 cxd5 24. Bc3 Rxc5 25. Qb2 Ng6 26. Bb4 Rfc8 27. Bxc5 Rxc5
28. Rc2 Rxc2 29. Qxc2 a5 30. Re1 Qd7 31. Qc5 a4 32. bxa4 bxa4 33. Rb1 d4 34. Rb4
e5 35. Qc4+ Kh7 36. Rb8 h5 37. Qe2 Kh6 38. Rb6 Qc7 39. Rb1 e4 40. Qd2+ Kh7 41.
Qxd4 a3 42. Qa4 Qc3 43. Qb3 Qc5 44. Ra1 1-0

[Event "AUTO-MASTER-1040"]
[Site "http://www.queenalice.com/game.php?id=729469"]
[Date "2010.2.10"]
[Round "1"]
[White "bukbuk"]
[Black "nikitheone"]
[Result "1-0"]
[WhiteElo "2406"]
[BlackElo "2138"]

1. e4 c5 2. Nf3 d6 3. Nc3 Nc6 4. d4 cxd4 5. Nxd4 Nf6 6. Bb5 Bd7 7. Bg5 e6 8. O-O
Be7 9. Nb3 a6 10. Be2 Qc7 11. Qd2 b5 12. a3 Ne5 13. Nd4 O-O 14. Rad1 Rfd8 15. f4
Nc4 16. Bxc4 Qxc4 17. e5 dxe5 18. fxe5 Nd5 19. Nxd5 Bxg5 20. Qxg5 Qxd5 21. Rf3
Bc6 22. Rg3 g6 23. Rgd3 Rd7 24. Nxc6 1-0

[Event "AUTO-MASTER-1040"]
[Site "http://www.queenalice.com/game.php?id=729470"]
[Date "2010.2.10"]
[Round "1"]
[White "nikitheone"]
[Black "bukbuk"]
[Result "0-1"]
[WhiteElo "2123"]
[BlackElo "2438"]

1. e4 e5 2. Nf3 Nf6 3. Nxe5 Qe7 4. d4 d6 5. Nf3 Nxe4 6. Be2 Bg4 7. O-O Nd7 8.
Re1 d5 9. c4 c6 10. cxd5 cxd5 11. Qb3 Qb4 12. Nc3 Qxb3 13. axb3 Be6 14. Bb5 Bb4
15. Re3 Nf6 16. Ne5 Be7 17. g4 h6 18. h3 a6 19. Bd2 Rc8 20. Bd3 Nxe5 21. Rxe5
Bd6 22. Re2 O-O 23. f4 Rfe8 24. Rae1 Rf8 25. Kg2 Rfe8 26. Kf3 b5 27. f5 Bd7 28.
Bf4 Bb4 29. Bd2 Bc6 30. Re5 Rxe5 31. Rxe5 Ne4 32. Be1 Bd6 33. Nxd5 Nf6 0-1

[Event "AUTO-MASTER-1040"]
[Site "http://www.queenalice.com/game.php?id=729487"]
[Date "2010.2.10"]
[Round "1"]
[White "nikitheone"]
[Black "mandaragit"]
[Result "0-1"]
[WhiteElo "2097"]
[BlackElo "2192"]

1. e4 e6 2. d4 d5 3. Nc3 Bb4 4. e5 c5 5. a3 Bxc3+ 6. bxc3 Ne7 7. Qg4 Qc7 8. Qxg7
Rg8 9. Qxh7 cxd4 10. Ne2 dxc3 11. f4 Nbc6 12. Be3 Bd7 13. Qd3 Nf5 14. Bf2 d4 15.
h3 O-O-O 16. g4 Nfe7 17. Bg2 Ng6 18. h4 f6 19. h5 Ngxe5 20. fxe5 Nxe5 21. Qh3
Nxg4 22. Bg3 e5 23. Be4 Nf2 24. Bxf2 Bxh3 25. Rxh3 Qg7 26. Bf5+ Kb8 27. Bg6 Qh6
28. Rd3 Rxg6 29. hxg6 Qxg6 30. Bg3 Qe4 31. Kf2 Kc8 32. Rf1 Rg8 33. Rg1 f5 34.
Bxe5 Rxg1 0-1

[Event "AUTO-MASTER-1040"]
[Site "http://www.queenalice.com/game.php?id=729488"]
[Date "2010.2.10"]
[Round "1"]
[White "mandaragit"]
[Black "nikitheone"]
[Result "1-0"]
[WhiteElo "2201"]
[BlackElo "2085"]

1. d4 d5 2. Nf3 Nf6 3. c4 c6 4. Nc3 dxc4 5. e4 b5 6. e5 Nd5 7. a4 e6 8. axb5
Nxc3 9. bxc3 cxb5 10. Ng5 Bb7 11. Qh5 g6 12. Qg4 Nd7 13. Be2 Be7 14. O-O O-O 15.
Qh4 Bxg5 16. Bxg5 f6 17. exf6 Nxf6 18. Rfe1 Bd5 19. Bg4 Qe7 20. Ra6 Rae8 21.
Raxe6 Bxe6 22. Bxe6+ Qxe6 23. Rxe6 Rxe6 24. h3 Nd5 25. Qg3 a5 26. Bh6 Rfe8 27.
Qf3 Re4 28. Qg3 R4e6 29. Qf3 Re4 30. Qg3 b4 31. Qd6 Ne7 32. g4 Kf7 33. cxb4 axb4
34. Qxb4 1-0

[Event "AUTO-MASTER-1040"]
[Site "http://www.queenalice.com/game.php?id=729489"]
[Date "2010.2.10"]
[Round "1"]
[White "nikitheone"]
[Black "RenatoAraujo"]
[Result "0-1"]
[WhiteElo "2129"]
[BlackElo "2337"]

1. e4 c5 2. Nf3 d6 3. d4 cxd4 4. Nxd4 Nf6 5. Nc3 a6 6. Bg5 e6 7. f4 Qb6 8. Qd2
Qxb2 9. Rb1 Qa3 10. e5 dxe5 11. fxe5 Nfd7 12. Be2 Qa5 13. O-O Nxe5 14. Qe3 Bc5
15. Ne4 O-O 16. c3 Nbc6 17. Rbd1 Bb6 18. Nd6 Qxa2 19. Bh5 Qd5 20. Ne4 Nxd4 21.
cxd4 Nc6 22. Kh1 Bxd4 23. Qe2 f5 24. Ng3 e5 25. Bf3 e4 26. Nxe4 fxe4 27. Bxe4
Qxg5 28. Qc4+ Be6 29. Qxe6+ Kh8 0-1

[Event "AUTO-MASTER-1040"]
[Site "http://www.queenalice.com/game.php?id=729490"]
[Date "2010.2.10"]
[Round "1"]
[White "RenatoAraujo"]
[Black "nikitheone"]
[Result "1-0"]
[WhiteElo "2346"]
[BlackElo "2122"]

1. e4 c5 2. c3 Nf6 3. e5 Nd5 4. d4 cxd4 5. Nf3 e6 6. Bc4 Nb6 7. Bb3 d6 8. exd6
Bxd6 9. O-O O-O 10. Qe2 Nc6 11. Rd1 Qc7 12. h3 e5 13. Bc2 f5 14. Bb3+ Kh8 15.
cxd4 e4 16. Ng5 Na5 17. Nxh7 Nxb3 18. Ng5 g6 19. axb3 Bf4 20. Nc3 Bxc1 21. Raxc1
Qf4 22. Qd2 Qxd2 23. Rxd2 Bd7 24. Na4 Nxa4 25. bxa4 Rac8 26. Rdc2 Rxc2 27. Rxc2
Bc6 28. a5 a6 29. Rc5 Rc8 30. Nf7+ Kg7 31. Ne5 Rb8 32. Nxc6 bxc6 33. Rxc6 Rxb2
34. Rxa6 Rb1+ 35. Kh2 Rd1 36. Rd6 Kh6 37. Kg3 Kg5 38. h4+ Kh5 39. Rd8 Rd3+ 40.
Kf4 Kh6 41. a6 Ra3 42. Rd6 Ra4 43. g4 fxg4 44. Kxg4 Kg7 45. Kg5 Ra5+ 46. d5 1-0

[Event "Challenge"]
[Site "http://www.queenalice.com/game.php?id=741416"]
[Date "2010.3.5"]
[Round "-"]
[White "mestredosmagos"]
[Black "nikitheone"]
[Result "0-1"]
[WhiteElo "1687"]
[BlackElo "2126"]

1. g3 d5 2. Bg2 Nf6 3. Nf3 Bg4 4. d3 Nbd7 5. O-O c6 6. Bg5 e5 7. Bxf6 Qxf6 8.
Qd2 Bd6 9. Nc3 O-O 10. Na4 Rad8 11. Nc3 Rfe8 12. Qg5 Qe6 13. Qe3 d4 14. Qd2 dxc3
15. Qxc3 Nf6 16. Qb3 Qxb3 17. axb3 a6 18. c3 e4 19. dxe4 Nxe4 20. c4 Bc5 21. h3
Bxf3 22. Bxf3 Nd2 23. Rfc1 Nxb3 24. Re1 Nxa1 25. Rxa1 Rd2 26. b3 f5 27. Rb1 a5
0-1